Dispersions Characterization Testing and Measurement / (Record no. 561833)
[ view plain ]
| 000 -LEADER | |
|---|---|
| fixed length control field | 00412nam a2200133Ia 4500 |
| 008 - FIXED-LENGTH DATA ELEMENTS--GENERAL INFORMATION | |
| fixed length control field | 210430s9999 xx 000 0 und d |
| 020 ## - INTERNATIONAL STANDARD BOOK NUMBER | |
| International Standard Book Number | 0-8247-1994-8 |
| 082 ## - DEWEY DECIMAL CLASSIFICATION NUMBER | |
| Classification number | 660.39 M239 D |
| 100 ## - MAIN ENTRY--PERSONAL NAME | |
| Personal name | Erik Kissa |
| 9 (RLIN) | 52545 |
| 245 ## - TITLE STATEMENT | |
| Title | Dispersions Characterization Testing and Measurement / |
| Statement of responsibility, etc. | Erik Kissa |
| Remainder of title | (surfactant science series V-84) |
| 260 ## - PUBLICATION, DISTRIBUTION, ETC. | |
| Place of publication, distribution, etc. | New york |
| Name of publisher, distributor, etc. | Marcel Dekker |
| Date of publication, distribution, etc. | 1999 |
| 300 ## - PHYSICAL DESCRIPTION | |
| Extent | 708p |
| 942 ## - ADDED ENTRY ELEMENTS (KOHA) | |
| Koha item type | Book |
| Source of classification or shelving scheme | |
| Withdrawn status | Lost status | Damaged status | Not for loan | Collection code | Permanent Location | Current Location | Shelving location | Date acquired | Total Checkouts | Full call number | Barcode | Date last seen | Price effective from | Koha item type |
|---|---|---|---|---|---|---|---|---|---|---|---|---|---|---|
| School of Chemical & Materials Engineering (SCME) | School of Chemical & Materials Engineering (SCME) | General Stacks | 04/11/7 | 660.39 M239 D | SCME-669 | 04/30/2021 | 04/30/2021 | Book |
